000 00688nam a2200289Ia 4500
005 20260324144450.0
008 008 260324s9999 xx 000 0 eng d
020 _a9781003576563
037 _aEBOOK
040 _aCRL
040 _beng
040 _cCRL
041 _2eng
041 _aeng
084 _qCRL
100 _aJerzy Regulski
_91219424
245 0 _aDecentralization and Local Government
245 0 _bDanish-Polish Comparative Study
260 _bTaylor and Francis
260 _c1988
365 _a
365 _b145
856 _uhttp://www.taylorfrancis.com/books/9781003576563
942 _cEBOOK
999 _c1826074
_d1826074